| 000 | 00863nam a2200277Ia 4500 | ||
|---|---|---|---|
| 001 | Para_5920 | ||
| 003 | CHAP | ||
| 008 | 220125s1989 xx 000 0 und d | ||
| 010 | _a204381 | ||
| 040 | _cCHAP | ||
| 082 | _aPA 574.55 U56 | ||
| 110 |
_aUniversidad Autonoma Chapingo. Departamento de Parasitología Agrícola _9165151 |
||
| 245 |
_aInforme de actividades y perspectivas / _c por Departamento de Parasitología Agrícola |
||
| 260 |
_aChapingo, Méx. : _b La Universidad |
||
| 300 | _av. | ||
| 500 | _aLa biblioteca tiene: 1981-1982 | ||
| 650 |
_aMéxico _xEducación agrícola _9137281 |
||
| 650 |
_aParasitología _x estudio y enseñanza _985471 |
||
| 901 | _aPA 574.55 U56 | ||
| 902 | _aA | ||
| 905 | _a000000198- 0000000000 00 | ||
| 910 | _a198- | ||
| 942 | _cPARA | ||
| 942 |
_cPARA _d1 |
||
| 999 |
_c204381 _d204381 |
||